000 01120nam a22002057a 4500
999 _c62886
_d62886
003 Ge_BSU
005 20250317103121.0
008 250317s1937 ge ||||| |||| 00| 0 geo d
041 _ageo
080 _a616.28-053.2 ფ-39
100 _aფელდმანი, ა.ი.
_924570
245 _aსაბავშვო ასაკში ყურისა და ზედა სასუნთქავი გზების დაავადებანი /
_cა.ი. ფელდმანი; თარგმნილი რუსულიდან; რედ. ი. ფანცხავა.
264 _aთბილისი :
_bსაქბიომედგამომცემლობა,
_c1937.
300 _a467 გვ. :
_bილ. ;
_c 22 სმ.
653 _aყურის დაავადებები ბავშვებში
653 _aზედა სასუნთქი გზების დაავადებები ბავშვებში.
653 _aმედიცინა
700 _aფანცხავა, ი.
_924571
942 _2udc
_cᲬᲘᲒᲜᲘ